000 00455nam a2200181Ia 4500
008 230524s9999 xx 000 0 und d
020 _a81780810652
082 _a5.74
_bSTE
100 _aW.Richard Stevens
245 0 _aTCP/ IP Illustrated Vol-II The Implementation
250 _a4TH
260 _aSINGAPORE
_bPearson
_c2001
300 _aXXII;1174
500 _aQuantity Number: 2
650 _aComp-Sc
700 _a Gary R.Wright
942 _cBK
999 _c24610
_d24610